00163nam a2200073 4500001000800000005001700008245004600025260001800071125802320260223140050.0 aKÜÇÜK PRENS MBAPPEcDİEGO ROBERTO bDOKUZ ÇOCUK